[Event "EOC-ch-Final 2021"]
[Site "Online"]
[Date "2021.03.30"]
[Round "3.6"]
[White "Maghsoodloo, Parham"]
[Black "Matlakov, Maxim"]
[Result "1/2-1/2"]
[WhiteElo "2676"]
[BlackElo "2688"]
[PlyCount "86"]
[EventDate "2021.03.30"]
[EventType "team-tourn"]
[EventCountry "NET"]
[SourceTitle "playchess.com"]
[Source "ChessBase"]
[SourceQuality "1"]

1. g3 d5 2. Bg2 e5 3. d3 Nf6 4. Nd2 Bd6 5. e4 c6 6. Ngf3 O-O 7. O-O Re8 8. c3
a5 9. b3 Be6 10. Qc2 h6 11. a3 Nbd7 12. Bb2 Qc7 13. Rfe1 dxe4 14. dxe4 b5 15.
Nh4 Nc5 16. Nf5 Bf8 17. c4 Red8 18. Bf1 Rxd2 19. Qxd2 Nxb3 20. Qc3 Nxa1 21.
Bxa1 bxc4 22. Bxc4 Bxc4 23. Qxc4 Bxa3 24. Re3 Bf8 25. Rf3 Kh7 26. Ne3 Rb8 27.
Bc3 Rb5 28. Kg2 Qd7 29. Qe2 a4 30. Nc4 Qe6 31. Bb2 Kg8 32. Qc2 Bb4 33. Qd3 Rc5
34. Nb6 a3 35. Bxa3 Bxa3 36. Qxa3 Nxe4 37. Rd3 Rc2 38. Rd8+ Kh7 39. Nd7 Rxf2+
40. Kg1 Rf1+ 41. Kg2 Rf2+ 42. Kg1 Rf1+ 43. Kg2 Rf2+ 1/2-1/2

[Event "EOC-ch-Final 2021"]
[Site "Online"]
[Date "2021.03.30"]
[Round "3.7"]
[White "Esipenko, Andrey"]
[Black "Amin, Bassem"]
[Result "1/2-1/2"]
[WhiteElo "2677"]
[BlackElo "2695"]
[PlyCount "126"]
[EventDate "2021.03.30"]
[EventType "team-tourn"]
[EventCountry "NET"]
[SourceTitle "playchess.com"]
[Source "ChessBase"]
[SourceQuality "1"]

1. e4 e5 2. Nf3 Nc6 3. Bb5 a6 4. Ba4 Nf6 5. O-O Be7 6. Re1 b5 7. Bb3 d6 8. c3
O-O 9. h3 Nb8 10. d4 Nbd7 11. Nbd2 Bb7 12. Bc2 Re8 13. Nf1 Bf8 14. Ng3 g6 15.
b3 a5 16. a4 b4 17. cxb4 axb4 18. Bb2 Bh6 19. Bd3 Bf4 20. Qc2 Ra5 21. Rad1 exd4
22. Bxd4 Ba6 23. Bxa6 Rxa6 24. Bb2 Ra5 25. Ne2 Rc5 26. Qd3 Bh6 27. Ned4 Ne5 28.
Nxe5 dxe5 29. Nf3 Qxd3 30. Rxd3 Bf8 31. Kf1 Bd6 32. Nd2 Rc2 33. Nc4 Bc5 34. Rd2
Rxd2 35. Nxd2 Nd7 36. Rc1 f6 37. Nf3 Kf7 38. Ne1 Rb8 39. Nd3 Bd6 40. Rc6 Rb6
41. Rxb6 Nxb6 42. Bc1 f5 43. f3 f4 44. Ke2 Ke6 45. Bd2 c5 46. Nb2 Bc7 47. Kd3
Kd7 48. Nc4 Nc8 49. Be1 g5 50. Bf2 Kc6 51. g4 h6 52. h4 Ne7 53. h5 Nc8 54. Be1
Ne7 55. Bd2 Ng8 56. Bc1 Nf6 57. Bb2 Nd7 58. Nd2 Bd6 59. Nc4 Bc7 60. Kc2 Kb7 61.
Ba1 Kc6 62. Kd3 Kb7 63. Bb2 Kc6 1/2-1/2

[Event "EOC-ch-Final 2021"]
[Site "Online"]
[Date "2021.03.30"]
[Round "3.9"]
[White "Bluebaum, Matthias"]
[Black "Mamedyarov, Shakhriyar"]
[Result "1-0"]
[WhiteElo "2670"]
[BlackElo "2770"]
[PlyCount "55"]
[EventDate "2021.03.30"]
[EventType "team-tourn"]
[EventCountry "NET"]
[SourceTitle "playchess.com"]
[Source "ChessBase"]
[SourceQuality "1"]

1. d4 Nf6 2. Nf3 d5 3. e3 g6 4. c4 Bg7 5. cxd5 Nxd5 6. e4 Nb6 7. h3 O-O 8. Nc3
c5 9. Be3 cxd4 10. Nxd4 Bd7 11. Be2 Nc6 12. O-O Rc8 13. Nb3 Ne5 14. Nc5 Bc6 15.
Qb3 e6 16. a4 Qc7 17. a5 Nbd7 18. Nxd7 Nxd7 19. Nb5 Bxb5 20. Qxb5 a6 21. Qb4
Nb8 22. Rfc1 Nc6 23. Qa3 Qe5 24. Rc5 Qxe4 25. Bf3 Qh4 26. Rac1 Rb8 27. R1c4 Nd4
28. Bg5 1-0

[Event "EOC-ch-Final 2021"]
[Site "Online"]
[Date "2021.03.30"]
[Round "3.10"]
[White "Guseinov, Gadir"]
[Black "Donchenko, Alexander"]
[Result "1/2-1/2"]
[WhiteElo "2665"]
[BlackElo "2678"]
[PlyCount "135"]
[EventDate "2021.03.30"]
[EventType "team-tourn"]
[EventCountry "NET"]
[SourceTitle "playchess.com"]
[Source "ChessBase"]
[SourceQuality "1"]

1. e4 c6 2. d4 d5 3. Nd2 dxe4 4. Nxe4 Bf5 5. Ng3 Bg6 6. h4 h6 7. Nf3 Nd7 8. h5
Bh7 9. Bd3 Bxd3 10. Qxd3 e6 11. Bd2 Ngf6 12. O-O-O Be7 13. Ne4 Nxe4 14. Qxe4
Nf6 15. Qd3 O-O 16. Kb1 Qd5 17. Ne5 c5 18. Be3 Rfd8 19. g4 cxd4 20. Bxd4 Bc5
21. c3 Bxd4 22. cxd4 Qe4 23. Qxe4 Nxe4 24. Rh2 f6 25. Ng6 Rd7 26. f3 Ng5 27.
Rd3 Rad8 28. Rc2 Kf7 29. a4 Nh7 30. a5 Nf8 31. Nxf8 Kxf8 32. Rb3 Ke7 33. Rc4
Kf7 34. Rcb4 b6 35. axb6 axb6 36. Rxb6 Rxd4 37. Rb7+ R8d7 38. Rxd7+ Rxd7 39.
Kc2 f5 40. gxf5 exf5 41. Rd3 Rc7+ 42. Rc3 Rb7 43. Rb3 Rc7+ 44. Kd3 Kf6 45. f4
Rc6 46. Rb8 g6 47. hxg6 Kxg6 48. Rg8+ Kf7 49. Rg1 Rb6 50. Kc3 Rc6+ 51. Kd4 Rb6
52. Rb1 Rb4+ 53. Kc5 Rxf4 54. b4 Re4 55. b5 Re8 56. b6 Rb8 57. Kd6 Kf6 58. Kc7
Re8 59. b7 f4 60. Re1 Rg8 61. Rg1 Re8 62. Re1 Rg8 63. Rd1 Kf5 64. Rd8 Rg7+ 65.
Rd7 Rg8 66. Rd8 Rg7+ 67. Rd7 Rg8 68. Rd8 1/2-1/2

[Event "EOC-ch-Final 2021"]
[Site "Online"]
[Date "2021.03.30"]
[Round "3.11"]
[White "Meier, Georg"]
[Black "Abasov, Nijat"]
[Result "1/2-1/2"]
[WhiteElo "2628"]
[BlackElo "2664"]
[PlyCount "59"]
[EventDate "2021.03.30"]
[EventType "team-tourn"]
[EventCountry "NET"]
[SourceTitle "playchess.com"]
[Source "ChessBase"]
[SourceQuality "1"]

1. g3 Nf6 2. Bg2 d5 3. Nf3 c5 4. O-O Nc6 5. d4 e6 6. c4 dxc4 7. dxc5 Qxd1 8.
Rxd1 Bxc5 9. Nbd2 c3 10. bxc3 O-O 11. Nb3 Be7 12. Bg5 h6 13. Bxf6 Bxf6 14. Nfd4
Nxd4 15. cxd4 Rb8 16. Rac1 b6 17. Rc7 a5 18. e3 Rd8 19. Rdc1 Bd7 20. Nd2 Rdc8
21. Rxc8+ Rxc8 22. Rxc8+ Bxc8 23. Nc4 Bd8 24. Bc6 Ba6 25. Nd6 Be7 26. Bb5 Bxd6
27. Bxa6 f5 28. h4 g5 29. hxg5 hxg5 30. f4 1/2-1/2

[Event "EOC-ch-Final 2021"]
[Site "Online"]
[Date "2021.03.30"]
[Round "3.12"]
[White "Safarli, Eltaj"]
[Black "Kollars, Dmitrij"]
[Result "1/2-1/2"]
[WhiteElo "2598"]
[BlackElo "2598"]
[PlyCount "97"]
[EventDate "2021.03.30"]
[EventType "team-tourn"]
[EventCountry "NET"]
[SourceTitle "playchess.com"]
[Source "ChessBase"]
[SourceQuality "1"]

1. e4 e5 2. Nf3 Nc6 3. Bb5 a6 4. Ba4 Nf6 5. Nc3 Bc5 6. d3 d6 7. Bxc6+ bxc6 8.
h3 O-O 9. O-O Rb8 10. b3 Re8 11. Be3 Bb6 12. Re1 h6 13. Bxb6 cxb6 14. d4 Bb7
15. Qd2 b5 16. Rad1 exd4 17. Qxd4 c5 18. Qxd6 Qxd6 19. Rxd6 Nxe4 20. Nxe4 Bxe4
21. Rxa6 Bxc2 22. Rxe8+ Rxe8 23. Rc6 Be4 24. Rxc5 Bxf3 25. gxf3 Re2 26. Rxb5
Rxa2 27. h4 g6 28. f4 Rb2 29. Kg2 Kg7 30. Kg3 Rb1 31. Kg2 Rb2 32. Rb6 Rb1 33.
b4 Rb3 34. b5 h5 35. Rb7 Kf6 36. f3 Rb2+ 37. Kg3 Rb4 38. f5 g5 39. hxg5+ Kxg5
40. Rxf7 h4+ 41. Kh3 Rxb5 42. f6 Rf5 43. Rg7+ Kxf6 44. Rg4 Rxf3+ 45. Kxh4 Kf5
46. Rg5+ Ke4 47. Rg4+ Rf4 48. Kg5 Rxg4+ 49. Kxg4 1/2-1/2

[Event "EOC-ch-Final 2021"]
[Site "Online"]
[Date "2021.03.30"]
[Round "3.13"]
[White "Grandelius, Nils"]
[Black "Harikrishna, Pentala"]
[Result "1/2-1/2"]
[WhiteElo "2663"]
[BlackElo "2732"]
[PlyCount "90"]
[EventDate "2021.03.30"]
[EventType "team-tourn"]
[EventCountry "NET"]
[SourceTitle "playchess.com"]
[Source "ChessBase"]
[SourceQuality "1"]

1. e4 c6 2. d4 d5 3. exd5 cxd5 4. Bd3 Nc6 5. c3 Nf6 6. h3 e5 7. dxe5 Nxe5 8.
Nf3 Nxd3+ 9. Qxd3 Be7 10. O-O O-O 11. Be3 Ne4 12. Rd1 Be6 13. Nbd2 Nc5 14. Qe2
Qc8 15. Nd4 Re8 16. N2b3 b6 17. Nxe6 fxe6 18. c4 Qa6 19. Nxc5 bxc5 20. Rd2 Bf6
21. Bxc5 Rac8 22. Qe3 Qxc4 23. Bxa7 Ra8 24. Rad1 h6 25. b3 Qc6 26. Bc5 Bg5 27.
f4 Bxf4 28. Qxf4 Qxc5+ 29. Kh2 e5 30. Qf5 Rad8 31. Qg6 d4 32. Re2 Qd5 33. Re4
Qf7 34. Qg3 Qf5 35. Qd3 Qf6 36. Rde1 Kh8 37. R1e2 Rc8 38. a4 Rc3 39. Qb5 Rf8
40. Qxe5 Qxe5+ 41. Rxe5 Rxb3 42. Rd5 d3 43. Rd2 Ra8 44. R5xd3 Rxd3 45. Rxd3
Rxa4 1/2-1/2

[Event "EOC-ch-Final 2021"]
[Site "Online"]
[Date "2021.03.30"]
[Round "3.14"]
[White "Vidit, Santosh Gujrathi"]
[Black "Svane, Rasmus"]
[Result "1/2-1/2"]
[WhiteElo "2726"]
[BlackElo "2613"]
[PlyCount "66"]
[EventDate "2021.03.30"]
[EventType "team-tourn"]
[EventCountry "NET"]
[SourceTitle "playchess.com"]
[Source "ChessBase"]
[SourceQuality "1"]

1. d4 Nf6 2. c4 e6 3. Nf3 d5 4. Nc3 Be7 5. g3 O-O 6. Bg2 Nbd7 7. Qd3 dxc4 8.
Qxc4 a6 9. Bf4 c5 10. dxc5 Bxc5 11. Qb3 Ra7 12. O-O b5 13. Ne5 Nxe5 14. Bxe5
Rd7 15. Bc6 Qb6 16. Bf3 Rfd8 17. a4 bxa4 18. Qxb6 Bxb6 19. Nxa4 Bd4 20. Bxd4
Rxd4 21. Nb6 Rb4 22. Nxc8 Rxc8 23. Rxa6 Rxb2 24. Rfa1 g5 25. h3 Rbc2 26. Ra8
Rxa8 27. Rxa8+ Kg7 28. Ra5 h6 29. Kg2 Nd7 30. Ra7 Ne5 31. Bh5 Kf6 32. Rb7 Rd2
33. Ra7 Rb2 1/2-1/2

[Event "EOC-ch-Final 2021"]
[Site "Online"]
[Date "2021.03.30"]
[Round "3.15"]
[White "Heinemann, Thies"]
[Black "Wojtaszek, Radoslaw"]
[Result "1/2-1/2"]
[WhiteElo "2502"]
[BlackElo "2705"]
[PlyCount "63"]
[EventDate "2021.03.30"]
[EventType "team-tourn"]
[EventCountry "NET"]
[SourceTitle "playchess.com"]
[Source "ChessBase"]
[SourceQuality "1"]

1. e4 c5 2. Nf3 d6 3. Bb5+ Nd7 4. O-O a6 5. Bxd7+ Bxd7 6. d4 cxd4 7. Qxd4 Nf6
8. Bg5 e6 9. c4 h6 10. Bh4 Bc6 11. Nc3 Be7 12. Rfd1 O-O 13. Rac1 Rc8 14. e5
dxe5 15. Nxe5 Qxd4 16. Rxd4 Rfd8 17. Nxc6 Rxc6 18. Rxd8+ Bxd8 19. b3 g5 20. Bg3
Kf8 21. f3 Ke8 22. Kf1 b5 23. Ne2 bxc4 24. Nd4 Rc8 25. Rxc4 Rxc4 26. bxc4 Bb6
27. Nc6 Nd7 28. Ke2 h5 29. h4 gxh4 30. Bxh4 f6 31. Be1 Kf7 32. f4 1/2-1/2

[Event "EOC-ch-Final 2021"]
[Site "Online"]
[Date "2021.03.30"]
[Round "3.16"]
[White "Navara, David"]
[Black "Kramer, Julian"]
[Result "0-1"]
[WhiteElo "2697"]
[BlackElo "2419"]
[PlyCount "118"]
[EventDate "2021.03.30"]
[EventType "team-tourn"]
[EventCountry "NET"]
[SourceTitle "playchess.com"]
[Source "ChessBase"]
[SourceQuality "1"]

1. c4 c5 2. Nf3 Nf6 3. Nc3 d5 4. cxd5 Nxd5 5. e3 g6 6. Qb3 Nb4 7. Ne4 Qd5 8.
Qxd5 Nxd5 9. Nxc5 Nb4 10. Bb5+ N8c6 11. O-O e5 12. d4 a6 13. Ba4 Bxc5 14. dxc5
Nd3 15. Rd1 e4 16. Nd2 f5 17. Nc4 Nxc5 18. Bxc6+ bxc6 19. b3 Nd3 20. Ba3 Be6
21. Nd6+ Kd7 22. f3 Bd5 23. fxe4 fxe4 24. Rf1 a5 25. Nf7 Rhe8 26. Ng5 Rh8 27.
Rf6 a4 28. b4 Rhf8 29. Nxh7 Rxf6 30. Nxf6+ Ke6 31. Nxd5 Kxd5 32. Rf1 Rb8 33.
Rf6 Ne5 34. b5 Nc4 35. Be7 cxb5 36. Rxg6 b4 37. Ra6 b3 38. axb3 axb3 39. Bf6 b2
40. Bxb2 Rxb2 41. h4 Nxe3 42. Rg6 Ke5 43. h5 Kf5 44. Kh2 Rb3 45. g3 Ng4+ 46.
Kh3 Ne5 47. Rg8 e3 48. Rf8+ Ke4 49. Rf4+ Kd3 50. Rf5 Rb5 51. Rf1 e2 52. Ra1 Ke3
53. h6 Nf3 54. g4 Kf2 55. g5 Nxg5+ 56. Kg4 Nf3 57. h7 Rg5+ 58. Kf4 Rh5 59. Rh1
Rxh1 0-1

[Event "EOC-ch-Final 2021"]
[Site "Online"]
[Date "2021.03.30"]
[Round "3.17"]
[White "Artemiev, Vladislav"]
[Black "Howell, David W L"]
[Result "0-1"]
[WhiteElo "2709"]
[BlackElo "2658"]
[PlyCount "94"]
[EventDate "2021.03.30"]
[EventType "team-tourn"]
[EventCountry "NET"]
[SourceTitle "playchess.com"]
[Source "ChessBase"]
[SourceQuality "1"]

1. d4 Nf6 2. Nf3 g6 3. Bg5 Bg7 4. Nbd2 O-O 5. e3 h6 6. Bh4 d6 7. Bc4 c5 8. c3
Nc6 9. O-O cxd4 10. exd4 Qb6 11. b4 e5 12. b5 Na5 13. dxe5 dxe5 14. Nxe5 Nxc4
15. Ndxc4 Qxb5 16. Re1 g5 17. Bg3 Be6 18. Nd6 Qd5 19. c4 Qxd1 20. Raxd1 b6 21.
h4 Rfd8 22. hxg5 hxg5 23. Nf3 Nh7 24. Nd4 Bxd4 25. Rxd4 Rd7 26. f4 gxf4 27.
Bxf4 Rad8 28. Rd3 Bf5 29. Rd5 Be6 30. Rd4 Nf8 31. Ree4 Kg7 32. Be5+ f6 33. Bh2
Kg8 34. Re3 Rg7 35. Rf3 Nh7 36. Re4 Ng5 37. Rxf6 Nxe4 38. Nxe4 Rd1+ 39. Kf2
Bxc4 40. Bf4 Rf1+ 41. Ke3 Rxg2 42. Kd4 Bxa2 43. Ng5 Kg7 44. Rf5 Kg6 45. Rf8 Rg4
46. Nh3 Rf3 47. Rg8+ Bxg8 0-1

[Event "EOC-ch-Final 2021"]
[Site "Online"]
[Date "2021.03.30"]
[Round "3.18"]
[White "McShane, Luke J"]
[Black "Kamsky, Gata"]
[Result "1-0"]
[WhiteElo "2674"]
[BlackElo "2665"]
[PlyCount "127"]
[EventDate "2021.03.30"]
[EventType "team-tourn"]
[EventCountry "NET"]
[SourceTitle "playchess.com"]
[Source "ChessBase"]
[SourceQuality "1"]

1. e4 e5 2. Nf3 Nc6 3. Bb5 Nf6 4. d3 d6 5. O-O Bd7 6. c3 g6 7. Re1 Bg7 8. Nbd2
O-O 9. Nf1 Nh5 10. Bg5 Qe8 11. Ng3 Nxg3 12. hxg3 h6 13. Be3 a6 14. Ba4 b5 15.
Bb3 Na5 16. Bc2 c5 17. a4 Qe7 18. Qd2 Kh7 19. Ra3 Nc6 20. axb5 axb5 21. Rea1
Rxa3 22. Rxa3 Rb8 23. Ra6 Qe8 24. Bb3 Qc8 25. Ra1 Be6 26. Bxe6 Qxe6 27. Qd1 Bf8
28. Ra6 Qc8 29. Qa1 Qc7 30. g4 Nd8 31. g3 Ne6 32. Kg2 Rb6 33. Ra2 Rb8 34. Qh1
Qb7 35. Qh4 Ra8 36. Rxa8 Qxa8 37. Bxh6 Bxh6 38. g5 Qf8 39. gxh6 Qd8 40. Qh1 Qa8
41. Qc1 c4 42. Qe3 cxd3 43. Qxd3 Qc6 44. Qe3 Qb7 45. Kg1 f6 46. Nh2 Ng5 47. Ng4
Qe7 48. f4 Nf7 49. Qf3 Nxh6 50. Qh1 Qg7 51. Qh4 g5 52. fxg5 fxg5 53. Qh5 Qg6
54. Qxh6+ Qxh6 55. Nxh6 Kxh6 56. Kf2 Kg6 57. Kf3 Kh5 58. b4 Kg6 59. c4 Kf6 60.
cxb5 Ke6 61. Kg4 d5 62. exd5+ Kxd5 63. b6 Kc6 64. Kxg5 1-0

[Event "EOC-ch-Final 2021"]
[Site "Online"]
[Date "2021.03.30"]
[Round "3.19"]
[White "Timofeev, Artyom"]
[Black "Jones, Gawain C B"]
[Result "1-0"]
[WhiteElo "2594"]
[BlackElo "2670"]
[PlyCount "185"]
[EventDate "2021.03.30"]
[EventType "team-tourn"]
[EventCountry "NET"]
[SourceTitle "playchess.com"]
[Source "ChessBase"]
[SourceQuality "1"]

1. d4 Nf6 2. c4 g6 3. Nc3 Bg7 4. Nf3 O-O 5. g3 d6 6. Bg2 c5 7. O-O Nc6 8. dxc5
dxc5 9. Be3 Be6 10. Bxc5 Qa5 11. Be3 Bxc4 12. Nd2 Be6 13. h3 Qh5 14. g4 Bxg4
15. hxg4 Nxg4 16. Bf4 Be5 17. Qa4 Rad8 18. Nf3 Rd4 19. Nxd4 Bxf4 20. Rfd1 Ne3
21. fxe3 Bxe3+ 22. Kf1 Nxd4 23. Qxd4 Qf5+ 24. Bf3 Qh3+ 25. Bg2 Qf5+ 26. Bf3
Bxd4 27. Rxd4 Kg7 28. Rad1 h5 29. Rd7 e6 30. Ne4 Qh3+ 31. Bg2 Qf5+ 32. Kg1 Qb5
33. R1d2 g5 34. Kh1 h4 35. Bf3 Kg6 36. R7d6 Qe5 37. Nf2 Qg3 38. Ng4 Rc8 39. Rd1
Rc5 40. Rd8 Kg7 41. R8d7 Rc4 42. Nh2 b6 43. Rg1 Qe5 44. Ng4 Qxb2 45. Nf2 Qe5
46. Nh3 g4 47. Bxg4 Kf8 48. Bf3 Rd4 49. Rxa7 Qf5 50. Ng5 Rd2 51. Rxf7+ Qxf7 52.
Nxf7 Kxf7 53. Rb1 Rxa2 54. Rxb6 Kf6 55. Kg2 Kf5 56. Kh3 Ra4 57. Rb5+ e5 58. Rb8
Kf4 59. Rh8 e4 60. Rxh4+ Ke3 61. Bh5 Ra5 62. Kg2 Rg5+ 63. Kf1 Kd2 64. Bg4 Ke3
65. Rh3+ Kd2 66. Rg3 e3 67. Kg2 Rg8 68. Bf3 Re8 69. Rg7 Ke1 70. Bg4 Rf8 71. Ra7
Kd2 72. Kg3 Ke1 73. Ra1+ Kd2 74. Ra3 Rd8 75. Bf3 Rg8+ 76. Kf4 Rf8+ 77. Ke4 Re8+
78. Kd5 Rd8+ 79. Ke6 Rd4 80. Ke5 Rd8 81. Ra5 Ke1 82. Ke4 Kf2 83. Bh5 Rh8 84.
Rf5+ Ke1 85. Kxe3 Ra8 86. Bf3 Ra4 87. Rb5 Ra3+ 88. Kf4 Kf2 89. Rb2 Re3 90. Ra2
Re8 91. e4+ Kg1 92. Kg3 Rg8+ 93. Bg4 1-0

[Event "EOC-ch-Final 2021"]
[Site "Online"]
[Date "2021.03.30"]
[Round "3.20"]
[White "Cheparinov, Ivan"]
[Black "Sharafiev, Azat"]
[Result "1/2-1/2"]
[WhiteElo "2667"]
[BlackElo "2432"]
[PlyCount "130"]
[EventDate "2021.03.30"]
[EventType "team-tourn"]
[EventCountry "NET"]
[SourceTitle "playchess.com"]
[Source "ChessBase"]
[SourceQuality "1"]

1. d4 d5 2. c4 c6 3. Nf3 Nf6 4. Nc3 e6 5. Bg5 Nbd7 6. e3 Be7 7. Bd3 O-O 8. O-O
h6 9. Bh4 dxc4 10. Bxc4 b5 11. Bd3 a6 12. Bxf6 Nxf6 13. Ne4 Bb7 14. Rc1 Qd5 15.
Nxf6+ gxf6 16. e4 Qxa2 17. Qd2 Kg7 18. Bb1 Qa4 19. Qf4 Qb4 20. Rc3 Rh8 21. Qc7
Rab8 22. Nh4 Qd6 23. Rg3+ Kf8 24. Qa5 f5 25. Nf3 c5 26. exf5 exf5 27. Bxf5 cxd4
28. Rd1 Bf6 29. Qd2 Rd8 30. h3 b4 31. Bd3 a5 32. Ra1 Ra8 33. Qd1 Rg8 34. Rxg8+
Kxg8 35. Nd2 Bg7 36. Qg4 a4 37. Be4 Bxe4 38. Qxe4 Qa6 39. Nb3 Qa7 40. Nc5 a3
41. bxa3 bxa3 42. Ra2 Rc8 43. Nd3 Qa6 44. g3 Rb8 45. Kg2 Qa8 46. Qxa8 Rxa8 47.
Kf3 f5 48. Kf4 Ra5 49. g4 fxg4 50. hxg4 Kf7 51. Ke4 Ke6 52. f4 Kd6 53. g5 hxg5
54. fxg5 Ke7 55. g6 Kf6 56. Kxd4 Kxg6+ 57. Kc4 Bf8 58. Kb3 Rf5 59. Rg2+ Kf7 60.
Rf2 Rxf2 61. Nxf2 Ke6 62. Nd3 Kd5 63. Ne1 Ke4 64. Nc2 Kd3 65. Nxa3 Bxa3 1/2-1/2

[Event "EOC-ch-Final 2021"]
[Site "Online"]
[Date "2021.03.30"]
[Round "4.1"]
[White "Duda, Jan-Krzysztof"]
[Black "Adams, Michael"]
[Result "1-0"]
[WhiteElo "2743"]
[BlackElo "2716"]
[PlyCount "85"]
[EventDate "2021.03.30"]
[EventType "team-tourn"]
[EventCountry "NET"]
[SourceTitle "playchess.com"]
[Source "ChessBase"]
[SourceQuality "1"]

1. d4 Nf6 2. c4 e6 3. Nf3 d5 4. Nc3 Be7 5. Bf4 O-O 6. e3 Nbd7 7. c5 Ne4 8. Rc1
Nxc3 9. Rxc3 c6 10. Bd3 b6 11. b4 a5 12. a3 Ba6 13. O-O Qc8 14. Qc2 Bxd3 15.
Rxd3 axb4 16. axb4 Qa6 17. Rb1 Qb5 18. Rc3 Ra6 19. Bd6 Re8 20. h3 Nf6 21. Bxe7
Rxe7 22. cxb6 Rxb6 23. Rc5 Qa6 24. Ne5 g6 25. Nxc6 Reb7 26. Ne5 Ne4 27. Ra5
Qxa5 28. bxa5 Rxb1+ 29. Kh2 Kg7 30. f3 R1b2 31. Qc8 Nd6 32. Qd8 Nc4 33. Ng4 h5
34. Nf6 Nxe3 35. Nxh5+ gxh5 36. Qg5+ Kf8 37. Qxe3 Ra2 38. Qh6+ Ke7 39. Qxh5
Rxa5 40. Qg5+ Ke8 41. h4 Rb4 42. h5 Ra8 43. Qg8+ 1-0

[Event "EOC-ch-Final 2021"]
[Site "Online"]
[Date "2021.03.30"]
[Round "4.2"]
[White "McShane, Luke J"]
[Black "Moranda, Wojciech"]
[Result "0-1"]
[WhiteElo "2674"]
[BlackElo "2618"]
[PlyCount "110"]
[EventDate "2021.03.30"]
[EventType "team-tourn"]
[EventCountry "NET"]
[SourceTitle "playchess.com"]
[Source "ChessBase"]
[SourceQuality "1"]

1. e4 c5 2. Nf3 e6 3. g3 Nc6 4. Bg2 Nf6 5. d3 d5 6. Nbd2 Be7 7. O-O b6 8. Re1
Bb7 9. c3 Qc7 10. a3 h6 11. e5 Nd7 12. d4 O-O-O 13. b4 c4 14. b5 Na5 15. a4
Rdg8 16. h4 Kb8 17. Nh2 Bc8 18. Ng4 Qd8 19. Ra2 Nf8 20. Qf3 Qe8 21. h5 Nd7 22.
Nf1 Bb7 23. Be3 Ka8 24. Qe2 Nf8 25. Bf3 Nh7 26. Nd2 Nf8 27. Rb2 Qd8 28. Bg2 Bg5
29. f4 Be7 30. Nf2 g6 31. Kh2 Nd7 32. Bf3 f5 33. hxg6 h5 34. Rh1 Rxg6 35. Nf1
Rhg8 36. Bxh5 R6g7 37. Nh3 Nf8 38. Bf2 Nb3 39. Bf3 Nc1 40. Qe3 Nd3 41. Rd2 Rh7
42. Kg2 Ng6 43. Rxd3 Nh4+ 44. Kg1 Nxf3+ 45. Qxf3 cxd3 46. Qxd3 Rgh8 47. Kg2 Rh6
48. Nd2 Qg8 49. Nf3 Qg4 50. Nfg1 Bc8 51. Be1 Qg8 52. Rh2 Qh7 53. Rh1 Bd7 54.
Qf1 Be8 55. Nf3 Rxh3 0-1

[Event "EOC-ch-Final 2021"]
[Site "Online"]
[Date "2021.03.30"]
[Round "4.3"]
[White "Socko, Bartosz"]
[Black "Jones, Gawain C B"]
[Result "0-1"]
[WhiteElo "2618"]
[BlackElo "2670"]
[PlyCount "96"]
[EventDate "2021.03.30"]
[EventType "team-tourn"]
[EventCountry "NET"]
[SourceTitle "playchess.com"]
[Source "ChessBase"]
[SourceQuality "1"]

1. d4 Nf6 2. Nf3 g6 3. g3 Bg7 4. Bg2 O-O 5. c4 c5 6. d5 e6 7. Nc3 d6 8. dxe6
Bxe6 9. Ng5 Bxc4 10. Bxb7 Nbd7 11. Bxa8 Qxa8 12. O-O d5 13. Qc2 Re8 14. Re1 h6
15. Nf3 Ba6 16. a4 d4 17. Nb5 Nd5 18. Bd2 Qb8 19. e4 dxe3 20. Bxe3 Nxe3 21.
Rxe3 Rxe3 22. fxe3 Bb7 23. Rf1 Ne5 24. e4 a6 25. Nc3 Nxf3+ 26. Rxf3 Bd4+ 27.
Kg2 Qe8 28. Nd5 Kg7 29. g4 a5 30. h3 Bc6 31. b3 Qe5 32. Qd3 h5 33. Nf6 Qg5 34.
Nd5 hxg4 35. hxg4 Qxg4+ 36. Rg3 Qh4 37. Qf3 Be5 38. Rh3 Qg5+ 39. Kf1 Bd7 40.
Rh7+ Kxh7 41. Qxf7+ Kh6 42. Qxd7 Qc1+ 43. Ke2 Qc2+ 44. Kf3 Qd1+ 45. Ke3 Bd4+
46. Kf4 Qf1+ 47. Kg3 Be5+ 48. Kh4 Qf2+ 0-1

[Event "EOC-ch-Final 2021"]
[Site "Online"]
[Date "2021.03.30"]
[Round "4.4"]
[White "Cheparinov, Ivan"]
[Black "Teclaf, Pawel"]
[Result "1/2-1/2"]
[WhiteElo "2667"]
[BlackElo "2507"]
[PlyCount "88"]
[EventDate "2021.03.30"]
[EventType "team-tourn"]
[EventCountry "NET"]
[SourceTitle "playchess.com"]
[Source "ChessBase"]
[SourceQuality "1"]

1. d4 e6 2. Nf3 c5 3. c4 cxd4 4. Nxd4 a6 5. e4 Nf6 6. Nc3 Bb4 7. Qd3 d6 8. Nc2
Bxc3+ 9. Qxc3 O-O 10. f3 d5 11. e5 Nfd7 12. cxd5 Nb6 13. d6 Nd5 14. Qd2 Nc6 15.
f4 f6 16. Bc4 Nb6 17. Bb3 fxe5 18. O-O exf4 19. Rxf4 Bd7 20. Qf2 Nd5 21. Rxf8+
Qxf8 22. Qxf8+ Rxf8 23. Bd2 Nf4 24. Re1 Nd3 25. Re3 Nc5 26. Bc4 b5 27. Be2 Rf5
28. Be1 Rd5 29. b4 Na4 30. Rd3 Nb6 31. Bf2 Nc4 32. Rxd5 exd5 33. Bc5 Kf7 34.
Bf3 Be6 35. h4 Ke8 36. Nd4 Nxd4 37. Bxd4 g6 38. g4 Kd7 39. Kf2 Kxd6 40. Kg3 Ne5
41. Bc5+ Kc6 42. Bd4 Kd6 43. Bc5+ Kc6 44. Bd4 Kd6 1/2-1/2

[Event "EOC-ch-Final 2021"]
[Site "Online"]
[Date "2021.03.30"]
[Round "4.5"]
[White "Harikrishna, Pentala"]
[Black "Artemiev, Vladislav"]
[Result "1-0"]
[WhiteElo "2732"]
[BlackElo "2709"]
[PlyCount "179"]
[EventDate "2021.03.30"]
[EventType "team-tourn"]
[EventCountry "NET"]
[SourceTitle "playchess.com"]
[Source "ChessBase"]
[SourceQuality "1"]

1. d4 Nf6 2. Nf3 g6 3. Bg5 Bg7 4. Nbd2 c5 5. e3 Qb6 6. Nc4 Qc7 7. c3 O-O 8. Be2
d6 9. O-O b6 10. Ncd2 Bb7 11. Bd3 h6 12. Bh4 Nbd7 13. Re1 e5 14. dxe5 Nxe5 15.
Nxe5 dxe5 16. Bxf6 Bxf6 17. Be4 Rad8 18. Bxb7 Qxb7 19. Qc2 Rd7 20. Ne4 Bg7 21.
Rad1 Rfd8 22. Rxd7 Qxd7 23. c4 f5 24. Nc3 Qd2 25. Qb1 Qd3 26. Qxd3 Rxd3 27. e4
Rd2 28. Re2 Rd4 29. b3 Kf7 30. Kf1 Ke6 31. Ke1 Rd3 32. Rc2 h5 33. Ke2 Rd4 34.
Rd2 Bh6 35. Rd1 fxe4 36. Rxd4 exd4 37. Nxe4 Ke5 38. Kd3 Bf4 39. g3 Bc1 40. h3
g5 41. f3 h4 42. Ke2 Be3 43. g4 Kf4 44. a3 a5 45. a4 Bc1 46. Kf2 d3 47. Nc3
Be3+ 48. Kg2 Ke5 49. Nd5 Kd4 50. Kf1 Bc1 51. Ke1 Ba3 52. Kd1 Ke5 53. Kd2 Kd4
54. f4 gxf4 55. Nxf4 Bb4+ 56. Kd1 Kc3 57. Nd5+ Kxb3 58. g5 Ba3 59. Nxb6 Bb2 60.
Kd2 Bg7 61. Kxd3 Kb2 62. Ke4 Kb3 63. Kd5 Kb4 64. Ke6 Kc3 65. Kf7 Bd4 66. g6 Kd3
67. Nd7 Bh8 68. Nb6 Ke4 69. g7 Bxg7 70. Kxg7 Kf3 71. Nd7 Kg3 72. Nxc5 Kxh3 73.
Ne4 Kg4 74. c5 Kf5 75. Kf7 h3 76. c6 h2 77. Nf2 Kf4 78. c7 Kf3 79. Nh1 Kg2 80.
c8=Q Kxh1 81. Ke6 Kg1 82. Qc1+ Kg2 83. Qd2+ Kg1 84. Qe1+ Kg2 85. Kd5 h1=Q 86.
Qxh1+ Kxh1 87. Kc5 Kg2 88. Kb5 Kf3 89. Kxa5 Ke4 90. Kb6 1-0

[Event "EOC-ch-Final 2021"]
[Site "Online"]
[Date "2021.03.30"]
[Round "4.6"]
[White "Kamsky, Gata"]
[Black "Vidit, Santosh Gujrathi"]
[Result "1/2-1/2"]
[WhiteElo "2665"]
[BlackElo "2726"]
[PlyCount "117"]
[EventDate "2021.03.30"]
[EventType "team-tourn"]
[EventCountry "NET"]
[SourceTitle "playchess.com"]
[Source "ChessBase"]
[SourceQuality "1"]

1. d4 Nf6 2. Nf3 d5 3. Bf4 e6 4. e3 Bd6 5. Ne5 Nfd7 6. Nd2 O-O 7. Bd3 Qe7 8. c3
Nc6 9. Nxd7 Bxd7 10. Bxd6 cxd6 11. Qf3 f5 12. O-O Qf7 13. Qg3 e5 14. f4 Rae8
15. Rae1 Kh8 16. a3 e4 17. Be2 Rg8 18. c4 Be6 19. Rc1 Qf6 20. Kh1 Bf7 21. Rc3
Ne7 22. Rfc1 dxc4 23. Nxc4 Nd5 24. R3c2 Rd8 25. Qf2 g5 26. g3 gxf4 27. gxf4 Qh6
28. Nd2 Qh3 29. Nf1 Bh5 30. Bxh5 Qxh5 31. Ng3 Qg4 32. Qe2 Qh3 33. Rg1 Rg7 34.
Nf1 Rxg1+ 35. Kxg1 Rg8+ 36. Kh1 h6 37. b4 a6 38. Rc1 Kh7 39. Rc2 Rg7 40. Rc1
Nf6 41. Rc2 b5 42. Qf2 Qg4 43. Rc1 Qh3 44. Rc2 Ng4 45. Qe2 Qh4 46. Qd2 Qh3 47.
Qe2 Qf3+ 48. Qxf3 exf3 49. h3 Nf6 50. Rf2 Ne4 51. Rxf3 h5 52. h4 Rc7 53. Ng3
Rc1+ 54. Kh2 Rc2+ 55. Kg1 Rc1+ 56. Kg2 Rc2+ 57. Kg1 Rc1+ 58. Kg2 Rc2+ 59. Kg1
1/2-1/2